01478nam a2200349 a 4500001001000000003000500010005001700015008004100032010001100073011001100084040000900095090001000104100004100114245019400155260004100349500006000390502007800450590004100528590004000569590004000609650004600649650004900695650004100744650005300785700004700838856007000885901000700955942001000962942000600972999001900978952013100997000114957CHAP20220329144505.0180817s2018 mx a |sm |||||||spa d a111418 a112390 cCHAP aTesis1 aGregorio Lázaro, Fracisco.913535510aZonificación de aptitud para plantaciones de Pinus pseudostrobus var. pseudostrobus con fines de reforestación en el estado de Michoacánh[En línea]cpor Franciso Gregorio Lázaro. aChapingo, Méx. :bEl autor,c2018. aPara ver el contenido del material haga clic en la liga aTesis (Ing. Agr. Esp. en Suelos) -- UACH. Division de Ciencias Forestales aBATCH-UPDb05c20180817lUCH01h1433 aE6337LMJb05c20180817lUCH01h1432 aE6337LMJb05c20180817lUCH01h143314aPinus pseudostrobusxRendimiento.912791914aPlantación forestalxMejoramiento.913215114aReforestaciónxMichoacán.99549714aZonificación ecológicazMichoacán.91353571 aGregorio Lázaro, José Eduardo.9135356 aFinding aiduhttp://10.13.5.2/tesis/sist114957.pdfzTeclea aquí aBK cTESIS n0 c111418d111418 00104054718TESISaBCbBCd2018-08-17fTESISl0oTesisp114968-10r2019-12-31 00:00:00w2019-12-31yTESISzRecien adquirido